Countries with Russian Military bases - Statistics

General Stats
  • This quiz has been taken 347 times
  • The average score is 7 of 12
Answer Stats
Hint Answer % Correct
2 Belarus
88%
7 Ukraine(Crimea)
87%
8 Syria
80%
3 Kazakhstan
77%
1 Armenia
76%
6 Tajikistan
73%
4 Kyrgyzstan
58%
5 Russia
48%
11 (Separatist Region) South Ossetia
46%
10 (Separatist Region) Abkhazia
42%
12 (Separatist Region) Transnistria
38%
9 Vietnam
30%
No matching quizzes found
Score Distribution
Percent of People with Each Score
Percentile by Number Answered
Your Score History
You have not taken this quiz